000 00797cam a2200289 4500
008 090401t1985 xxu||||| |||| 00| 0 eng d
020 _a0854062815
035 _a(Sirsi) u41349
041 _aeng
050 _a333.33
110 _aBoard of Inland Revenue
_bValuation Office
_91068
245 _aValuation Office property market report. - No. 43 (Spring 1985)
260 _aLondon
_bSurveyors Publications
_c1985
300 _a93p. ; 30cm.
350 _a0
650 _aCITY OF LONDON
650 _aENTERPRISE ZONES
650 _aFARM LAND
650 _aINDUSTRIAL PROPERTY
650 _aINVESTMENT
650 _aOFFICES
650 _aRESIDENTIAL PROPERTY
_96266
650 _aSHOPS
690 _aPROPERTY-PROPERTY FINANCE AND INVESTMENT
942 _n0
948 _c04/03/1997
999 _c90921
_d90921